Chamber music

Bewaard in:
Bibliografische gegevens
Hoofdauteur: Robertson, Alec (Auteur)
Formaat: Boek
Taal:Engels
Gepubliceerd in: Harmondsworth Penguin Books 1957
Onderwerpen:
Tags: Voeg label toe
Geen labels, Wees de eerste die dit record labelt!

MARC

LEADER 00000nam a2200000 a 4500
001 UCW2374
003 CL-VaPUC
005 20231107102209.0
008 890828e19570000UK |||||||||||||||||eng|d
999 |c 216929  |d 216927 
040 |c Pontificia Universidad Católica de Valparaíso 
082 0 4 |a 785 ROB 1957  |2 21 
100 0 |a Robertson, Alec  |e author  |9 306433 
245 1 0 |a Chamber music 
260 |a Harmondsworth  |b Penguin Books  |c 1957 
300 |a 427 p 
583 |a last modification  |c 20120530 11:40:42  |k Rodrigo Vera 
650 0 |a Música de cámara  |2 CL-VaPUC  |9 306547 
650 0 |a Análisis musical  |9 267228 
650 0 |a Apreciación musical  |9 306325 
942 |c BK  |2 ddc 
945 |d 19890828 00:00:00 
952 |0 0  |1 0  |4 0  |6 785_000000000000000_ROB_1957  |7 0  |8 A  |9 203349  |a BIBEDU  |b BIBEDU  |d 2019-11-15  |i 270594K  |o 785 ROB 1957  |p 270594K  |r 2023-01-12  |w 2019-11-15  |y BK  |k MUS 
952 |0 0  |1 0  |4 0  |6 785_000000000000000_ROB_1957  |7 0  |8 A  |9 203350  |a BIBEDU  |b BIBEDU  |d 2019-11-15  |i 1233599  |o 785 ROB 1957  |p 1233599  |r 2022-01-17  |w 2019-11-15  |y BK  |k MUS